000 00800nam a2200253Ia 4500
003 OSt
005 20220923213339.0
006 a|||||r|||| 00| 0
007 ta
008 220922b |||||||| |||| 00| 0 hin d
024 _a160,979
037 _cTextual
040 _aARTS
_cARTS
_bhin
041 _2hin
_ahin
082 _aO152,2NSH20x, J3
100 _aकृष्ण लाल, संपा.
245 0 _aश्रीनिवास ग्रंथावली
246 _aShrīnivās granthāvalī
260 _c1953
490 _aप्रकीणक पुस्तकमाला
650 _aहिन्दी साहित्य
_9156264
942 _hO152,2NSH20x, J3
_cTEXL
_2CC
999 _c315657
_d315657